| 000 | 00424nam a2200157Ia 4500 | ||
|---|---|---|---|
| 008 | 230312s9999||||xx |||||||||||||| ||und|| | ||
| 020 | _a0-07-111102-6 | ||
| 082 |
_a658.84 _bCAT-I |
||
| 100 | _aPhilip R. Cateora | ||
| 245 | 0 | _aInternational Marketing | |
| 260 |
_bMcGraw Hill _aNew York _c2005 |
||
| 300 | _a697 | ||
| 546 | _aEng. | ||
| 650 |
_aManagement _vAn Overview , Assessing Global Market Opportunities |
||
| 942 | _cBK | ||
| 999 |
_c263 _d263 |
||